<?xml version="1.0" encoding="UTF-8"?>
<record
    xmlns:xsi="http://www.w3.org/2001/XMLSchema-instance"
    xsi:schemaLocation="http://www.loc.gov/MARC21/slim http://www.loc.gov/standards/marcxml/schema/MARC21slim.xsd"
    xmlns="http://www.loc.gov/MARC21/slim">

  <leader>01092namaa2200229 i 4500</leader>
  <controlfield tag="001">174146</controlfield>
  <controlfield tag="003">ES-MaACL</controlfield>
  <controlfield tag="005">20250815105803.0</controlfield>
  <controlfield tag="008">100224s1916    sp |         |||| ||spa d</controlfield>
  <datafield tag="080" ind1=" " ind2=" ">
    <subfield code="a">551.79(460.28)</subfield>
  </datafield>
  <datafield tag="100" ind1="1" ind2=" ">
    <subfield code="a">Fern&#xE1;ndez Navarro, Lucas,</subfield>
    <subfield code="d">1869-1930</subfield>
    <subfield code="9">49953</subfield>
  </datafield>
  <datafield tag="245" ind1="1" ind2="0">
    <subfield code="a">Datos topol&#xF3;gicos del cuaternario de Castilla la Nueva / </subfield>
    <subfield code="c">por L. Fern&#xE1;ndez Navarro y J. G&#xF3;mez de Llarena.</subfield>
  </datafield>
  <datafield tag="260" ind1=" " ind2=" ">
    <subfield code="a">Madrid : </subfield>
    <subfield code="b">Junta para Ampliaci&#xF3;n de Estudios e Investigaciones Cient&#xED;ficas,</subfield>
    <subfield code="c">1916 (</subfield>
    <subfield code="f">Imp. de Fontanet)</subfield>
  </datafield>
  <datafield tag="300" ind1=" " ind2=" ">
    <subfield code="a">26 p., VII h. de l&#xE1;m. : </subfield>
    <subfield code="b">il. ; </subfield>
    <subfield code="c">23 cm.</subfield>
  </datafield>
  <datafield tag="490" ind1="1" ind2=" ">
    <subfield code="a">Trabajos del Museo Nacional de Ciencias Naturales. Serie geol&#xF3;gica ;</subfield>
    <subfield code="v">18</subfield>
  </datafield>
  <datafield tag="650" ind1=" " ind2="4">
    <subfield code="a">Cuaternario-</subfield>
    <subfield code="z">Castilla -La Mancha.</subfield>
    <subfield code="9">142231</subfield>
  </datafield>
  <datafield tag="700" ind1="1" ind2=" ">
    <subfield code="a">G&#xF3;mez de Llarena, Joaqu&#xED;n (</subfield>
    <subfield code="d">1891-1979)</subfield>
    <subfield code="9">57911</subfield>
  </datafield>
  <datafield tag="710" ind1="2" ind2=" ">
    <subfield code="a">Junta para la Ampliaci&#xF3;n de Estudios e Investigaciones Cient&#xED;ficas.</subfield>
    <subfield code="9">5413</subfield>
  </datafield>
  <datafield tag="830" ind1="0" ind2="0">
    <subfield code="a">Trabajos del Museo Nacional de Ciencias Naturales. </subfield>
    <subfield code="p">Serie geol&#xF3;gica</subfield>
    <subfield code="v">18</subfield>
    <subfield code="9">189286</subfield>
  </datafield>
  <datafield tag="852" ind1=" " ind2=" ">
    <subfield code="a">ES-MaACL</subfield>
    <subfield code="j">B-13128(6) </subfield>
    <subfield code="z">.- Encuadernado con otras obras</subfield>
  </datafield>
  <datafield tag="999" ind1=" " ind2=" ">
    <subfield code="c">174146</subfield>
    <subfield code="d">174146</subfield>
  </datafield>
  <datafield tag="952" ind1=" " ind2=" ">
    <subfield code="0">0</subfield>
    <subfield code="1">0</subfield>
    <subfield code="4">0</subfield>
    <subfield code="7">0</subfield>
    <subfield code="a">ATENEOM</subfield>
    <subfield code="b">ATENEOM</subfield>
    <subfield code="c">SPB</subfield>
    <subfield code="d">2010-02-24</subfield>
    <subfield code="e">SC</subfield>
    <subfield code="l">0</subfield>
    <subfield code="o">B-13128(6)</subfield>
    <subfield code="p">1182797</subfield>
    <subfield code="r">2023-02-23 00:00:00</subfield>
    <subfield code="w">2023-02-23</subfield>
    <subfield code="y">MONOGRAFIA</subfield>
  </datafield>
</record>
